| 000 | 00486cam a2200193ua 4500 | ||
|---|---|---|---|
| 001 | 12019 | ||
| 008 | 200106n ii |||gr||||Z||||||eng | ||
| 020 | _a9789350320556 | ||
| 040 | _cMAIN | ||
| 082 | _a331.702 | ||
| 100 |
_aB.L.Sharma . , _eAuthor. |
||
| 245 | 0 |
_aJobs : _bguidance and counselling / _cBy B.L.Sharma . |
|
| 250 | _a1st ed. | ||
| 260 |
_aJaipur: _bShree Niwas Publications, _c2014. |
||
| 300 | _a266p. | ||
| 653 | _aLabor economics | ||
| 653 | _aMAIN | ||
| 942 | _cBK | ||
| 999 |
_c10803 _d10803 |
||